000 00415nam a2200181Ia 4500
001 1259
005 20260306140619.0
008 260306t1989||||xx |||||||||||||| ||spa||
041 _aESP
082 _a190
_bC78A
100 _aCoreth, Emerich
_eAUT
245 0 _aLa filosofía del siglo XX
260 _c1989
300 _a295 páginas :
_c20 cm.
650 _aGEN
654 _aCHU
942 _cLIB
_dJUS
_fJUS
_2ddc
_n
999 _c1259
_d1259